Entrada Nombre personal
Número de registros utilizados en: 41
001 - NÚMERO DE CONTROL
- campo de control: 78143
003 - IDENTIFICADOR DEL NÚMERO DE CONTROL
- campo de control: BNPHU
005 - FECHA Y HORA DE LA ÚLTIMA TRANSACCIÓN
- campo de control: 20240314191552.0
008 - DATOS DE LONGITUD FIJA
- campo de control de longitud fija: 210315|| aca||aabn | a|a d
010 ## - NÚMERO DE CONTROL DE LA BIBLIOTECA DEL CONGRESO
- Número de control de LC: n 91036586
040 ## - FUENTE DE LA CATALOGACIÓN
- Centro catalogador/agencia de origen: DO-SdBNP
- Lengua de catalogación: spa
- Centro/agencia transcriptor: BNPHU
- Normas de descripción: rda
100 1# - ENCABEZAMIENTO-NOMBRE DE PERSONA
- Nombre de persona: Milton Ray Guevara
- Fechas asociadas al nombre: 1948-
370 ## - LUGAR ASOCIADO
- Lugar de nacimiento: Samaná (República Dominicana : Provincia)
- País asociado: República Dominicana
372 ## - CAMPO DE ACTIVIDAD
- Campo de actividad: Derecho
373 ## - GRUPO ASOCIADO
- Grupo asociado: República Dominicana. Tribunal Constitucional
374 ## - OCUPACIÓN
- Ocupación: Abogados
- Ocupación: Estadistas
- Ocupación: Jueces
- Ocupación: Profesor de derecho
375 ## - GÉNERO/SEXO
- Género/Sexo: Masculino
377 ## - LENGUA/LENGUAJE ASOCIADO
- Código del idioma: spa
- Término de lengua/lenguaje: Español
400 1# - TRAZADO DE VÉASE--NOMBRE DE PERSONA
- Nombre de persona: Ray Guevara, Milton
- Fechas asociadas al nombre: 1948-
400 1# - TRAZADO DE VÉASE--NOMBRE DE PERSONA
- Nombre de persona: Guevara, Milton L. Ray,
- Fechas asociadas al nombre: 1948-
670 ## - FUENTE DE DATOS ENCONTRADOS
- Cita de la fuente: Work cat.: (OSt): Tercer concurso de Ensayos sobre temas constitucionales 78142, Ensayos sobre temas constitucionales /, 2020.
670 ## - FUENTE DE DATOS ENCONTRADOS
- Cita de la fuente: Doctrina jurídica dominicana, c1990
670 ## - FUENTE DE DATOS ENCONTRADOS
- Identificador Uniforme del Recurso: https://viaf.org/processed/LC%7Cn%20%2091036586 Consultado en 14/03/0224
670 ## - FUENTE DE DATOS ENCONTRADOS
- Identificador Uniforme del Recurso: https://es.wikipedia.org/wiki/Milton_Ray_Guevara Consultado en 14/03/2024
